• 首页
  • 本馆介绍
  • 公告通知
  • 最新文献
  • 馆藏检索
  • 电子资源
  • 读者导购
  • 参考咨询
  • 我的图书馆
  • 登录
  • 详细信息显示
  • 放入我的书架
  • 预约/预借图书
  • 作者相关作品
  • 分类相关作品
  • 丛书相关作品
  • 出版社相关作品

书目信息

  • 表格格式
  • 工作单格式
  • 卡片格式
题名:
中药学专业知识
    
 
作者: 于彩娜 主编
分册: 二  
出版信息: 北京   中国医药科技出版社  2021
页数: 263页
开本: 29cm
丛书名:
单 册:
中图分类: R28-44
科图分类:
主题词: 中药学--资格考试--习题集
电子资源:
ISBN: 978-7-5214-2243-6
000 00811nam0 2200241 450
001 2332316915
005 20231214155728.08
010    @a978-7-5214-2243-6@d84.00CNY
100    @a20210407d2021 em y0chiy0120 ea
101 0  @achi
102    @aCN@b110000
105    @ay zq 000yy
200 1  @a中药学专业知识@Azhong yao xue zhuan ye zhi shi@h二@b专著@f于彩娜主编
205    @a6版
210    @a北京@c中国医药科技出版社@d2021
215    @a263页@d29cm
300    @a2021国家执业药师职业资格考试通关必做2000题
330    @a本书按《中药学专业知识》科目新版考试指南章节编排通关试题,并逐题配有答案和详尽解析。书末附赠一套模拟试卷及其答案与解析。
606 0  @a中药学@x资格考试@j习题集
690    @aR28-44@v5
701  0 @a于彩娜@Ayu cai na@4主编
801  2 @aCN@b辽宁北配@c20231205
905    @aBZT@dR28-44@e14:2=6
    
    中药学专业知识.二/于彩娜主编.-6版.-北京:中国医药科技出版社,2021
    263页;29cm
    2021国家执业药师职业资格考试通关必做2000题
    
    ISBN 978-7-5214-2243-6:84.00CNY
    本书按《中药学专业知识》科目新版考试指南章节编排通关试题,并逐题配有答案和详尽解析。书末附赠一套模拟试卷及其答案与解析。
●
相关链接 在五车中查询图书 在当当中查询图书 在豆瓣中查询图书


正题名:中药学专业知识     索取号:R28-44/14:2=6         预约/预借

序号 登录号 条形码 馆藏地/架位号 状态 备注
1 2001571396   2001571396   辽三/辽宁北配(第三批)/1601/ [索取号:R28-44/14:2=6] 在馆    
2 2001571397   2001571397   辽三/辽宁北配(第三批)/1601/ [索取号:R28-44/14:2=6] 在馆    
3 2001571398   2001571398   辽三/辽宁北配(第三批)/1601/ [索取号:R28-44/14:2=6] 在馆    
4 2001571399   2001571399   辽三/辽宁北配(第三批)/1601/ [索取号:R28-44/14:2=6] 在馆    
5 2001571400   2001571400   辽三/辽宁北配(第三批)/1601/ [索取号:R28-44/14:2=6] 在馆    
6 2001571401   2001571401   辽三/辽宁北配(第三批)/1601/ [索取号:R28-44/14:2=6] 在馆    
7 2001571402   2001571402   辽三/辽宁北配(第三批)/1601/ [索取号:R28-44/14:2=6] 在馆    
8 2001571403   2001571403   辽三/辽宁北配(第三批)/1601/ [索取号:R28-44/14:2=6] 在馆    
9 2001571404   2001571404   辽三/辽宁北配(第三批)/1601/ [索取号:R28-44/14:2=6] 在馆    
10 2001571405   2001571405   辽三/辽宁北配(第三批)/1601/ [索取号:R28-44/14:2=6] 在馆    
11 2001571406   2001571406   辽三/辽宁北配(第三批)/1601/ [索取号:R28-44/14:2=6] 在馆    
12 2001571407   2001571407   辽三/辽宁北配(第三批)/1601/ [索取号:R28-44/14:2=6] 在馆    
13 2001571408   2001571408   辽三/辽宁北配(第三批)/1601/ [索取号:R28-44/14:2=6] 在馆    
14 2001571409   2001571409   辽三/辽宁北配(第三批)/1601/ [索取号:R28-44/14:2=6] 在馆    
15 2001571410   2001571410   辽三/辽宁北配(第三批)/1601/ [索取号:R28-44/14:2=6] 在馆    
16 2001571411   2001571411   辽三/辽宁北配(第三批)/1602/ [索取号:R28-44/14:2=6] 在馆    
17 2001571412   2001571412   辽三/辽宁北配(第三批)/1602/ [索取号:R28-44/14:2=6] 在馆    
18 2001571413   2001571413   辽三/辽宁北配(第三批)/1602/ [索取号:R28-44/14:2=6] 在馆    
19 2001571414   2001571414   辽三/辽宁北配(第三批)/1602/ [索取号:R28-44/14:2=6] 在馆    
20 2001571415   2001571415   辽三/辽宁北配(第三批)/1602/ [索取号:R28-44/14:2=6] 在馆    
21 2001571416   2001571416   辽三/辽宁北配(第三批)/1602/ [索取号:R28-44/14:2=6] 在馆    
22 2001571417   2001571417   辽三/辽宁北配(第三批)/1602/ [索取号:R28-44/14:2=6] 在馆    
23 2001571418   2001571418   辽三/辽宁北配(第三批)/1602/ [索取号:R28-44/14:2=6] 在馆    
24 2001571419   2001571419   辽三/辽宁北配(第三批)/1602/ [索取号:R28-44/14:2=6] 在馆    
25 2001571420   2001571420   辽三/辽宁北配(第三批)/1602/ [索取号:R28-44/14:2=6] 在馆    
26 2001571421   2001571421   辽三/辽宁北配(第三批)/1602/ [索取号:R28-44/14:2=6] 在馆    
27 2001571422   2001571422   辽三/辽宁北配(第三批)/1602/ [索取号:R28-44/14:2=6] 在馆    
28 2001571423   2001571423   辽三/辽宁北配(第三批)/1602/ [索取号:R28-44/14:2=6] 在馆    
29 2001571424   2001571424   辽三/辽宁北配(第三批)/1602/ [索取号:R28-44/14:2=6] 在馆    
30 2001571425   2001571425   辽三/辽宁北配(第三批)/1602/ [索取号:R28-44/14:2=6] 在馆    
山东省滨州职业学院图书馆 欢迎您!
大连网信软件有限公司© 版权所有